000 00592nam a2200205Ii 4500
003 JO-AjNU
008 230606s9999||||xx |||||||||||||| ||und||
020 _a0-9704370-0-5
040 _aJO-AjNU
_beng
_erda
_cJO-AjNU
041 _aeng
050 1 4 _aBP166.U5 2000
100 3 _aUnal, Ali,
_eauthor
_95350
245 0 4 _aThe Resurrection and the Afterlife
264 3 1 _aVirginia: The Fountain,2000
300 _a255p
336 _atext
_btxt
_2rdacontent
337 _aunmediated
_bn
_2rdamedia
338 _avolume
_bnc
_2rdacarrier
650 4 _aFuture life - Islam-Islam - Doctrines
_95351
999 _aE2763
_c2761
_d2761